00644nam a2200229Ia 4500003000900000008004100009040001300050040001300063041000800076100002400084245001700108250001000125260001000135260000900145300001100154300001200165490000600177600001000183942000700193999001700200952019700217IT-RoPAU120407s9999 xx 000 0 und d aIT-RoPAU cIT-RoPAU afra aJean Claude Barreau aQui est Dieu aParis aSeuil c1971 a121 p. c20,5 cm v1 a1 Dio cBK c24752d24752 00102ddc406231_18000000000000071aPAULUSbPAULUSd2012-04-11l0o231.18r2012-04-11 00:00:00w2012-04-11yBKzInserito da: Carla In data: 24 ottobre 2011 fondo: Via A.Severo 56 Progr:30547